| 000 | 00625nam a22001817a 4500 | ||
|---|---|---|---|
| 999 |
_c180045 _d180045 |
||
| 005 | 20210722124828.0 | ||
| 010 | _aENG-129614 | ||
| 020 |
_a978-93-88542-10-4 _c250.00 |
||
| 035 | _aEN-113146 | ||
| 037 | _bDBAD/PUB | ||
| 082 | _a294.555092 | ||
| 100 | _aBasu, Durga | ||
| 245 |
_aSister Nivedita's Interpretation of Swami Vivekananda and Cross-Cultural Multidisciplinary Philosophy/ _cby Durga Basu |
||
| 260 |
_aKolkata _bSwami Suparnananda _c2020 |
||
| 270 |
_aRamakrishna Mission Institure of Culture, _bGol Park, Kolkata _e700029 |
||
| 300 |
_a427p. _c22cm(hbk) |
||
| 942 |
_2ddc _cEN _h294.555092 _mBAS |
||